000 00270nam a2200109Ia 4500
008 200302s9999 xx 000 0 und d
100 _aAnita Roi Olds
245 _aChild Care Design Guide
260 _bTata Mcgraw-Hill Publishing Co.
260 _c2001
300 _a483 P.,
999 _c1493
_d1493